| 000 | 00364 a2200157 4500 | ||
|---|---|---|---|
| 001 | 183188 | ||
| 020 | _a | ||
| 040 | _cMagnum | ||
| 100 | _aBrown, Dee | ||
| 240 | 1 | 0 |
_aEnterrem meu coração na curva do rio _lpor |
| 245 | 1 | 0 | _aEnterrem meu coração na curva do rio |
| 300 | _a292 | ||
| 362 | 0 | _a1976 | |
| 697 | _aLITERATURA GERAL ESTRANGEIRA | ||
| 942 | _cBK | ||
| 999 |
_c183188 _d183188 |
||